[Event "V. Dvorkovich Cup 2015 juniors"]
[Site "Moscow"]
[Date "2015.06.30"]
[Round "7.6"]
[White "Tokranovs LAT, Dmitrijs"]
[Black "Sadikhov AZE, Ulvi"]
[Result "1/2-1/2"]
[LiveChessVersion "1.4.4"]
[BlackElo "2379"]
[WhiteElo "2192"]

1. e4 {[%clk 1:30:57]} c5 {[%clk 1:30:57]} 2. c3 {[%clk 1:31:23]} g6
{[%clk 1:31:24]} 3. Nf3 {[%clk 1:30:08]} Bg7 {[%clk 1:31:16]} 4. Be2
{[%clk 1:28:44]} d6 {[%clk 1:27:27]} 5. d4 {[%clk 1:28:42]} Qc7 {[%clk 1:26:47]}
6. h3 {[%clk 1:26:57]} Nd7 {[%clk 1:26:39]} 7. Be3 {[%clk 1:25:29]} Ngf6
{[%clk 1:25:15]} 8. Nbd2 {[%clk 1:25:49]} O-O {[%clk 1:25:18]} 9. O-O
{[%clk 1:25:29]} a6 {[%clk 1:17:23]} 10. a4 {[%clk 1:25:53]} b6 {[%clk 1:17:46]}
11. Bd3 {[%clk 1:16:05]} Bb7 {[%clk 1:02:40]} 12. Re1 {[%clk 1:15:37]} Rfe8
{[%clk 0:58:18]} 13. Rc1 {[%clk 1:09:01]} h6 {[%clk 0:53:06]} 14. b4
{[%clk 1:05:53]} e6 {[%clk 0:52:03]} 15. Nh2 {[%clk 1:00:44]} Rad8
{[%clk 0:47:35]} 16. Nhf1 {[%clk 0:58:27]} Nh7 {[%clk 0:45:06]} 17. Qg4
{[%clk 0:56:35]} Ndf8 {[%clk 0:40:42]} 18. Qh4 {[%clk 0:53:51]} g5
{[%clk 0:35:44]} 19. Qg3 {[%clk 0:54:15]} Ng6 {[%clk 0:35:15]} 20. a5
{[%clk 0:43:47]} Qd7 {[%clk 0:23:26]} 21. Nc4 bxa5 {[%clk 0:21:05]} 22. Nxa5
{[%clk 0:38:05]} Ba8 {[%clk 0:21:27]} 23. Nc4 {[%clk 0:30:33]} cxd4
{[%clk 0:16:16]} 24. cxd4 {[%clk 0:30:35]} Bc6 {[%clk 0:14:32]} 1/2-1/2

[Event "V. Dvorkovich Cup 2015 juniors"]
[Site "Moscow"]
[Date "2015.06.30"]
[Round "7.7"]
[White "Naghdiyev AZE, Niyazi"]
[Black "Golubeva LAT, Marija"]
[Result "1-0"]
[LiveChessVersion "1.4.4"]
[BlackElo "1775"]
[WhiteElo "2250"]

1. d4 {[%clk 1:30:58]} d5 {[%clk 1:30:53]} 2. c4 {[%clk 1:31:25]} c6
{[%clk 1:31:18]} 3. Nf3 {[%clk 1:31:51]} Nf6 {[%clk 1:31:40]} 4. e3
{[%clk 1:32:15]} e6 {[%clk 1:31:49]} 5. Nc3 {[%clk 1:32:37]} Nbd7
{[%clk 1:31:22]} 6. Qc2 {[%clk 1:32:58]} Be7 {[%clk 1:30:10]} 7. b3
{[%clk 1:33:11]} O-O {[%clk 1:30:19]} 8. Be2 {[%clk 1:33:14]} b6 {[%clk 1:26:12]}
9. O-O {[%clk 1:28:36]} Bb7 {[%clk 1:24:01]} 10. Rd1 {[%clk 1:25:01]} c5
{[%clk 1:18:18]} 11. cxd5 {[%clk 1:20:19]} exd5 {[%clk 1:13:38]} 12. Bb2
{[%clk 1:10:11]} Rc8 {[%clk 1:05:28]} 13. dxc5 {[%clk 1:08:56]} bxc5
{[%clk 0:58:55]} 14. Rac1 {[%clk 1:07:21]} Qb6 {[%clk 0:49:26]} 15. Na4
{[%clk 1:02:40]} Qc7 {[%clk 0:47:42]} 16. Qf5 {[%clk 0:56:31]} g6
{[%clk 0:29:38]} 17. Qb1 {[%clk 0:54:40]} c4 {[%clk 0:26:14]} 18. bxc4
{[%clk 0:48:44]} Qa5 {[%clk 0:22:42]} 19. Bxf6 {[%clk 0:48:14]} Bxf6
{[%clk 0:23:00]} 20. Qxb7 {[%clk 0:48:24]} Qxa4 {[%clk 0:23:19]} 21. Qxd5
{[%clk 0:34:10]} Qxa2 {[%clk 0:14:19]} 22. Qxd7 {[%clk 0:30:31]} Rcd8
{[%clk 0:07:48]} 23. Qc6 {[%clk 0:23:16]} Qxe2 {[%clk 0:07:57]} 24. Re1
{[%clk 0:23:38]} Qb2 {[%clk 0:08:04]} 25. Rb1 {[%clk 0:22:20]} Qc3
{[%clk 0:07:13]} 26. Rec1 {[%clk 0:22:43]} Rc8 {[%clk 0:05:59]} 27. Qd6
{[%clk 0:23:00]} Rfd8 {[%clk 0:04:05]} 28. Qa6 {[%clk 0:18:42]} Rb8 1-0

[Event "V. Dvorkovich Cup 2015 juniors"]
[Site "Moscow"]
[Date "2015.06.30"]
[Round "7.8"]
[White "Limanovska LAT, Elizabete"]
[Black "Hojjatova AZE, Aydan"]
[Result "1/2-1/2"]
[LiveChessVersion "1.4.4"]
[BlackElo "2202"]
[WhiteElo "1978"]

1. e4 {[%clk 1:30:58]} c5 {[%clk 1:30:54]} 2. Nf3 {[%clk 1:31:25]} e6
{[%clk 1:31:18]} 3. d4 {[%clk 1:31:52]} cxd4 {[%clk 1:31:45]} 4. Nxd4
{[%clk 1:32:20]} Nf6 {[%clk 1:32:08]} 5. Nc3 {[%clk 1:32:44]} Nc6
{[%clk 1:32:34]} 6. Ndb5 {[%clk 1:32:59]} Bc5 {[%clk 1:32:58]} 7. Bf4
{[%clk 1:31:24]} O-O {[%clk 1:33:01]} 8. Bc7 {[%clk 1:31:33]} Qe7
{[%clk 1:33:23]} 9. Bd6 {[%clk 1:31:56]} Bxd6 {[%clk 1:33:48]} 10. Qxd6
{[%clk 1:32:22]} Ne8 {[%clk 1:33:53]} 11. Qxe7 {[%clk 1:32:39]} Nxe7
{[%clk 1:34:18]} 12. O-O-O {[%clk 1:32:49]} f5 {[%clk 1:34:42]} 13. Nd6
{[%clk 1:32:18]} Nxd6 {[%clk 1:34:38]} 14. Rxd6 {[%clk 1:32:41]} fxe4
{[%clk 1:34:59]} 15. Nxe4 {[%clk 1:33:04]} Nf5 {[%clk 1:35:26]} 16. Rd2
{[%clk 1:33:14]} d5 {[%clk 1:29:14]} 17. Ng5 {[%clk 1:31:39]} Nd6
{[%clk 1:25:24]} 18. Bd3 {[%clk 1:24:29]} h6 {[%clk 1:23:30]} 19. Nf3
{[%clk 1:23:24]} Bd7 {[%clk 1:17:23]} 20. Re1 {[%clk 1:21:04]} Rf6
{[%clk 1:14:04]} 21. Ne5 {[%clk 1:09:55]} Rd8 {[%clk 1:10:51]} 22. g3
{[%clk 0:50:41]} Bc8 {[%clk 1:05:32]} 23. f4 {[%clk 0:47:51]} Rff8
{[%clk 1:03:51]} 24. Rde2 {[%clk 0:41:19]} Rfe8 {[%clk 0:56:53]} 25. Bg6
{[%clk 0:35:12]} Rf8 {[%clk 0:55:47]} 26. Bh5 {[%clk 0:27:09]} Ne4
{[%clk 0:51:23]} 27. Bg4 {[%clk 0:22:01]} Rf6 {[%clk 0:50:23]} 28. Nf3
{[%clk 0:19:08]} 1/2-1/2

[Event "V. Dvorkovich Cup 2015 juniors"]
[Site "Moscow"]
[Date "2015.06.30"]
[Round "7.9"]
[White "Barseghyan ARM, Harutyun"]
[Black "Oparin Dv.PRL, Grigoriy"]
[Result "1/2-1/2"]
[LiveChessVersion "1.4.4"]
[BlackElo "2571"]
[WhiteElo "2218"]

1. d4 {[%clk 1:30:57]} Nf6 {[%clk 1:30:56]} 2. c4 {[%clk 1:31:12]} c5
{[%clk 1:31:19]} 3. d5 {[%clk 1:31:17]} b5 {[%clk 1:31:44]} 4. cxb5
{[%clk 1:30:45]} a6 {[%clk 1:32:09]} 5. bxa6 {[%clk 1:30:49]} g6 {[%clk 1:32:34]}
6. Nc3 {[%clk 1:31:11]} Bg7 {[%clk 1:32:57]} 7. g3 {[%clk 1:31:34]} d6
{[%clk 1:32:40]} 8. Bg2 {[%clk 1:30:47]} Bxa6 {[%clk 1:32:45]} 9. Nf3
{[%clk 1:31:09]} Nbd7 {[%clk 1:33:04]} 10. O-O {[%clk 1:30:52]} Nb6
{[%clk 1:33:05]} 11. Nd2 {[%clk 1:17:40]} O-O {[%clk 1:29:47]} 12. Qc2
{[%clk 1:14:41]} Ra7 {[%clk 1:18:25]} 13. Rd1 {[%clk 1:06:28]} Qa8
{[%clk 1:06:04]} 14. Nf1 {[%clk 1:03:45]} Nfd7 {[%clk 0:41:38]} 15. Ne3
{[%clk 0:49:20]} Nc4 {[%clk 0:35:30]} 16. b3 {[%clk 0:38:58]} Nxe3
{[%clk 0:34:27]} 17. Bxe3 {[%clk 0:39:13]} Rb8 {[%clk 0:33:14]} 18. Rab1
{[%clk 0:35:37]} Ne5 {[%clk 0:20:03]} 19. h3 {[%clk 0:32:41]} Bc8
{[%clk 0:20:08]} 20. Bd2 {[%clk 0:24:39]} Nd7 {[%clk 0:17:00]} 21. a4
{[%clk 0:19:56]} Ba6 {[%clk 0:17:22]} 22. Bf1 {[%clk 0:14:31]} Rab7
{[%clk 0:13:55]} 23. e4 {[%clk 0:14:18]} Ne5 {[%clk 0:09:51]} 24. Kg2
{[%clk 0:07:25]} 1/2-1/2

[Event "V. Dvorkovich Cup 2015 juniors"]
[Site "Moscow"]
[Date "2015.06.30"]
[Round "7.10"]
[White "Antipov Dv.PRL, Mikhail Al."]
[Black "Yayloyan ARM, Konstantin"]
[Result "1/2-1/2"]
[LiveChessVersion "1.4.4"]
[BlackElo "2171"]
[WhiteElo "2523"]

1. e4 {[%clk 1:30:59]} c5 {[%clk 1:30:46]} 2. d3 {[%clk 1:31:25]} Nc6
{[%clk 1:30:57]} 3. g3 {[%clk 1:31:43]} g6 {[%clk 1:29:04]} 4. Bg2
{[%clk 1:32:06]} Bg7 {[%clk 1:29:33]} 5. f4 {[%clk 1:32:23]} d6 {[%clk 1:28:45]}
6. Nf3 {[%clk 1:32:47]} Nf6 {[%clk 1:26:45]} 7. O-O {[%clk 1:33:04]} O-O
{[%clk 1:25:55]} 8. Qe2 {[%clk 1:32:29]} Bd7 {[%clk 1:22:44]} 9. c3
{[%clk 1:28:41]} b5 {[%clk 1:21:24]} 10. Na3 {[%clk 1:27:26]} Rb8
{[%clk 1:19:43]} 11. Bd2 {[%clk 1:25:25]} a5 {[%clk 1:13:17]} 12. Rae1
{[%clk 1:17:23]} a4 {[%clk 1:08:33]} 13. e5 {[%clk 1:16:16]} Ne8 {[%clk 1:07:35]}
14. Qe4 {[%clk 0:43:54]} Nc7 {[%clk 1:03:32]} 15. Nc2 {[%clk 0:38:06]} b4
{[%clk 0:58:11]} 16. cxb4 {[%clk 0:32:09]} Nxb4 {[%clk 0:52:59]} 17. Nxb4
{[%clk 0:26:25]} cxb4 {[%clk 0:52:22]} 18. d4 {[%clk 0:25:37]} Be6
{[%clk 0:50:30]} 19. Qc2 {[%clk 0:19:38]} b3 {[%clk 0:47:37]} 20. axb3
{[%clk 0:20:03]} axb3 {[%clk 0:46:27]} 21. Qd3 {[%clk 0:18:26]} Bf5
{[%clk 0:39:07]} 22. Qc4 {[%clk 0:17:03]} Be6 {[%clk 0:36:00]} 23. Qe2
{[%clk 0:14:50]} dxe5 {[%clk 0:35:40]} 24. dxe5 {[%clk 0:15:04]} Nb5
{[%clk 0:33:22]} 25. Be3 {[%clk 0:14:33]} Bf5 {[%clk 0:30:59]} 26. Rd1
{[%clk 0:13:49]} Qa5 {[%clk 0:28:57]} 27. Ra1 {[%clk 0:11:40]} Qb4
{[%clk 0:28:17]} 28. Rfc1 {[%clk 0:11:07]} Rbc8 {[%clk 0:23:59]} 29. Bf1
{[%clk 0:10:46]} Nc7 {[%clk 0:16:37]} 30. Bc5 {[%clk 0:07:59]} Qb7
{[%clk 0:16:38]} 31. Nd4 {[%clk 0:03:55]} Ne6 {[%clk 0:15:03]} 32. Nxf5
{[%clk 0:03:39]} Rxc5 {[%clk 0:13:00]} 33. Rxc5 {[%clk 0:03:35]} Nxc5
{[%clk 0:13:29]} 34. Nxg7 {[%clk 0:03:58]} Kxg7 {[%clk 0:13:41]} 35. Qe3
{[%clk 0:03:22]} Rc8 {[%clk 0:09:46]} 36. Rc1 {[%clk 0:03:16]} Na4
{[%clk 0:09:12]} 37. Rxc8 {[%clk 0:03:34]} Qxc8 {[%clk 0:09:42]} 38. Qxb3
{[%clk 0:02:06]} Qc5+ {[%clk 0:09:59]} 39. Kg2 {[%clk 0:01:38]} Qd4
{[%clk 0:10:17]} 40. Bb5 {[%clk 0:30:36]} Nxb2 {[%clk 0:39:26]} 41. Be2
{[%clk 0:28:32]} 1/2-1/2

[Event "V. Dvorkovich Cup 2015 juniors"]
[Site "Moscow"]
[Date "2015.06.30"]
[Round "7.12"]
[White "Paramzina Dv.PRL, Anastasya"]
[Black "Ghukasyan ARM, Siranush"]
[Result "1-0"]
[LiveChessVersion "1.4.4"]
[BlackElo "2054"]
[WhiteElo "2328"]

1. e4 {[%clk 1:30:59]} e5 {[%clk 1:30:54]} 2. Nf3 {[%clk 1:31:26]} Nc6
{[%clk 1:31:21]} 3. Bc4 {[%clk 1:31:48]} Bc5 {[%clk 1:31:46]} 4. d3
{[%clk 1:32:13]} Nf6 {[%clk 1:32:08]} 5. c3 {[%clk 1:31:51]} d6 {[%clk 1:32:08]}
6. Bb3 {[%clk 1:31:27]} a6 {[%clk 1:32:29]} 7. O-O {[%clk 1:28:50]} Ba7
{[%clk 1:32:25]} 8. Nbd2 {[%clk 1:28:50]} O-O {[%clk 1:32:39]} 9. h3
{[%clk 1:28:47]} Ne7 {[%clk 1:24:20]} 10. Re1 {[%clk 1:26:35]} Ng6
{[%clk 1:24:04]} 11. d4 {[%clk 1:22:48]} Re8 {[%clk 1:22:13]} 12. Bc2
{[%clk 1:19:38]} Nh5 {[%clk 1:14:44]} 13. Nc4 {[%clk 1:05:42]} b5
{[%clk 1:09:46]} 14. Ne3 {[%clk 1:05:44]} Nhf4 15. Nf5 {[%clk 1:04:10]} f6
{[%clk 0:53:37]} 16. a4 {[%clk 1:00:41]} Bb7 {[%clk 0:51:57]} 17. d5
{[%clk 0:37:09]} Qd7 {[%clk 0:45:39]} 18. Be3 {[%clk 0:34:29]} Bb8
{[%clk 0:42:36]} 19. h4 {[%clk 0:24:17]} Ne7 {[%clk 0:37:32]} 20. Nxe7+
{[%clk 0:22:18]} Rxe7 {[%clk 0:37:33]} 21. g3 {[%clk 0:22:30]} Ng6
{[%clk 0:36:39]} 22. h5 {[%clk 0:22:15]} Nf8 {[%clk 0:35:58]} 23. Nh4
{[%clk 0:22:23]} Re8 {[%clk 0:33:09]} 24. Nf5 {[%clk 0:22:16]} Kh8
{[%clk 0:29:49]} 25. Qf3 {[%clk 0:18:52]} c6 {[%clk 0:25:41]} 26. h6
{[%clk 0:18:32]} g6 {[%clk 0:22:57]} 27. Ng7 {[%clk 0:18:50]} Re7
{[%clk 0:23:08]} 28. dxc6 {[%clk 0:10:36]} Bxc6 {[%clk 0:23:33]} 29. Bb3
{[%clk 0:10:46]} d5 {[%clk 0:12:49]} 30. exd5 {[%clk 0:09:55]} Bb7
{[%clk 0:12:31]} 31. axb5 {[%clk 0:05:47]} axb5 {[%clk 0:10:57]} 32. Rxa8
{[%clk 0:05:59]} Bxa8 {[%clk 0:11:25]} 33. Ra1 {[%clk 0:06:17]} Bb7
{[%clk 0:11:45]} 34. Qxf6 {[%clk 0:06:10]} Rf7 {[%clk 0:12:06]} 35. Qb6
{[%clk 0:06:11]} Rf3 {[%clk 0:05:17]} 36. Ne6 {[%clk 0:05:01]} Nxe6
{[%clk 0:04:21]} 37. Qxe6 {[%clk 0:04:55]} Qxe6 {[%clk 0:04:25]} 38. dxe6
{[%clk 0:05:20]} Bd6 {[%clk 0:04:48]} 39. Ra7 {[%clk 0:03:57]} 1-0

[Event "V. Dvorkovich Cup 2015 juniors"]
[Site "Moscow"]
[Date "2015.06.30"]
[Round "7.13"]
[White "Vavulin RUS, Maksim"]
[Black "Pranavananda IND, V"]
[Result "1-0"]
[LiveChessVersion "1.4.4"]
[BlackElo "2246"]
[WhiteElo "2445"]

1. e4 {[%clk 1:30:58]} c5 {[%clk 1:30:20]} 2. Nf3 {[%clk 1:31:22]} a6
{[%clk 1:29:31]} 3. c3 {[%clk 1:31:25]} d5 {[%clk 1:29:47]} 4. exd5
{[%clk 1:31:49]} Qxd5 {[%clk 1:30:14]} 5. d4 {[%clk 1:32:08]} Nf6
{[%clk 1:30:42]} 6. Be2 {[%clk 1:30:16]} e6 {[%clk 1:30:00]} 7. O-O
{[%clk 1:29:15]} Nc6 {[%clk 1:28:44]} 8. Be3 {[%clk 1:27:14]} cxd4
{[%clk 1:28:55]} 9. Nxd4 {[%clk 1:27:20]} Nxd4 {[%clk 1:27:58]} 10. Bxd4
{[%clk 1:27:43]} Bc5 {[%clk 1:28:26]} 11. Bf3 {[%clk 1:23:01]} Qd6
{[%clk 1:28:30]} 12. Bxc5 {[%clk 1:22:46]} Qxc5 {[%clk 1:28:57]} 13. Nd2
{[%clk 1:12:19]} O-O {[%clk 1:28:19]} 14. Qe2 {[%clk 1:12:02]} Rb8
{[%clk 1:04:18]} 15. Qc4 {[%clk 1:09:14]} Qe7 {[%clk 1:02:04]} 16. Nb3
{[%clk 1:07:34]} Bd7 {[%clk 1:00:07]} 17. Qc5 {[%clk 1:07:08]} Qxc5
{[%clk 0:59:01]} 18. Nxc5 {[%clk 1:07:37]} Bb5 {[%clk 0:59:09]} 19. Rfd1
{[%clk 0:58:54]} b6 {[%clk 0:58:51]} 20. Nd3 {[%clk 0:48:31]} Nd7
{[%clk 0:37:35]} 21. Nf4 {[%clk 0:40:06]} Ne5 {[%clk 0:38:03]} 22. Be2
{[%clk 0:34:15]} Bxe2 {[%clk 0:38:11]} 23. Nxe2 {[%clk 0:34:44]} Rfd8
{[%clk 0:37:38]} 24. b3 {[%clk 0:34:13]} b5 {[%clk 0:30:57]} 25. f3
{[%clk 0:31:05]} Rbc8 {[%clk 0:27:13]} 26. Rxd8+ {[%clk 0:28:10]} Rxd8
{[%clk 0:27:42]} 27. a4 {[%clk 0:28:31]} f6 {[%clk 0:11:42]} 28. axb5
{[%clk 0:28:29]} axb5 {[%clk 0:12:10]} 29. b4 {[%clk 0:14:54]} Rd2
{[%clk 0:02:57]} 30. Kf2 {[%clk 0:14:03]} Nc4 {[%clk 0:03:14]} 31. Ra7
{[%clk 0:13:26]} e5 {[%clk 0:03:25]} 32. Rc7 {[%clk 0:11:51]} Rc2
{[%clk 0:01:40]} 33. Rd7 {[%clk 0:07:46]} h5 {[%clk 0:01:03]} 34. g3
{[%clk 0:01:57]} Kh7 {[%clk 0:00:41]} 35. Ke1 {[%clk 0:01:43]} Rb2
{[%clk 0:00:33]} 36. Rd5 {[%clk 0:01:32]} Na3 {[%clk 0:00:47]} 37. f4
{[%clk 0:01:22]} e4 {[%clk 0:00:52]} 38. Rxh5+ {[%clk 0:01:18]} Kg6
{[%clk 0:01:20]} 39. Rd5 {[%clk 0:01:09]} e3 {[%clk 0:01:43]} 40. Rd1
{[%clk 0:30:39]} Kf5 {[%clk 0:31:22]} 41. Kf1 {[%clk 0:21:25]} Kg4
{[%clk 0:22:45]} 42. Rd8 {[%clk 0:15:51]} Rd2 {[%clk 0:09:45]} 43. Re8
{[%clk 0:09:26]} Nc4 {[%clk 0:10:13]} 44. Re7 {[%clk 0:08:54]} g6
{[%clk 0:07:21]} 45. Re8 {[%clk 0:05:33]} Ra2 {[%clk 0:05:41]} 46. Re7
{[%clk 0:04:04]} Kh3 {[%clk 0:05:12]} 47. Rh7+ {[%clk 0:03:58]} Kg4
{[%clk 0:05:40]} 48. Rh4+ Kf3 {[%clk 0:05:28]} 49. Nd4+ {[%clk 0:03:20]} Ke4
{[%clk 0:05:56]} 50. f5+ {[%clk 0:03:44]} Kd3 {[%clk 0:05:15]} 51. fxg6
{[%clk 0:03:29]} Nd2+ {[%clk 0:01:01]} 52. Kg2 {[%clk 0:03:58]} Ne4+
{[%clk 0:01:16]} 53. Kf3 {[%clk 0:04:12]} f5 {[%clk 0:00:43]} 54. Kf4
{[%clk 0:04:34]} Nxc3 {[%clk 0:00:36]} 55. g7 {[%clk 0:03:41]} Kxd4
{[%clk 0:00:33]} 56. Kxf5+ {[%clk 0:03:31]} Kd3 {[%clk 0:00:57]} 57. g8=Q
{[%clk 0:03:55]} Rf2+ {[%clk 0:00:35]} 58. Kg6 {[%clk 0:04:03]} e2
{[%clk 0:00:57]} 59. Qd8+ {[%clk 0:00:52]} Kc2 {[%clk 0:01:23]} 60. Qe7
{[%clk 0:00:40]} Rf1 {[%clk 0:01:14]} 61. Rf4 {[%clk 0:00:33]} e1=Q
{[%clk 0:01:22]} 62. Qxe1 {[%clk 0:01:02]} Rxe1 {[%clk 0:01:47]} 63. h4
{[%clk 0:01:21]} Nd5 {[%clk 0:00:36]} 64. Rd4 {[%clk 0:01:05]} Ne7+
{[%clk 0:01:04]} 65. Kf6 {[%clk 0:01:22]} Nc6 {[%clk 0:00:37]} 66. Rd5
{[%clk 0:01:39]} Nxb4 {[%clk 0:00:51]} 67. Rxb5 {[%clk 0:02:07]} Kc3
{[%clk 0:01:00]} 68. h5 {[%clk 0:02:11]} Rg1 {[%clk 0:01:09]} 69. Rg5
{[%clk 0:02:25]} Kd3 {[%clk 0:00:39]} 70. h6 {[%clk 0:02:43]} Rh1
{[%clk 0:00:52]} 71. Kg7 {[%clk 0:02:24]} Nc6 {[%clk 0:00:37]} 72. h7
{[%clk 0:02:47]} Nd4 {[%clk 0:00:51]} 73. Re5 {[%clk 0:02:22]} Nf3
{[%clk 0:00:47]} 74. Re8 {[%clk 0:02:12]} Kd4 {[%clk 0:00:38]} 75. h8=Q
{[%clk 0:01:45]} Rxh8 {[%clk 0:01:05]} 76. Kxh8 {[%clk 0:02:04]} Ng5
{[%clk 0:00:38]} 77. Kg7 {[%clk 0:02:18]} Ne4 {[%clk 0:01:06]} 78. g4
{[%clk 0:02:42]} Ke3 {[%clk 0:01:22]} 79. g5 {[%clk 0:02:57]} 1-0

[Event "V. Dvorkovich Cup 2015 juniors"]
[Site "Moscow"]
[Date "2015.06.30"]
[Round "7.14"]
[White "Baivab IND, Mishra"]
[Black "Khanin RUS, Semen"]
[Result "1/2-1/2"]
[LiveChessVersion "1.4.4"]
[BlackElo "2405"]
[WhiteElo "2057"]

1. d4 {[%clk 1:30:39]} Nf6 {[%clk 1:30:55]} 2. c4 {[%clk 1:30:59]} g6
{[%clk 1:31:22]} 3. Nc3 {[%clk 1:31:23]} Bg7 {[%clk 1:31:48]} 4. e4
{[%clk 1:31:43]} d6 {[%clk 1:32:14]} 5. Nf3 {[%clk 1:32:08]} O-O {[%clk 1:32:38]}
6. Be2 {[%clk 1:32:34]} Nbd7 {[%clk 1:33:04]} 7. O-O {[%clk 1:32:45]} e5
{[%clk 1:33:30]} 8. Re1 {[%clk 1:32:57]} c6 {[%clk 1:31:57]} 9. Rb1
{[%clk 1:32:48]} Qe7 {[%clk 1:30:40]} 10. Bf1 {[%clk 1:32:04]} exd4
{[%clk 1:22:54]} 11. Nxd4 {[%clk 1:32:28]} Nc5 {[%clk 1:22:57]} 12. f3
{[%clk 1:24:06]} a5 {[%clk 1:11:43]} 13. Be3 {[%clk 1:22:14]} h5 {[%clk 1:11:30]}
14. Qd2 {[%clk 1:20:24]} Rd8 {[%clk 1:08:14]} 15. b3 {[%clk 1:16:00]} Be6
{[%clk 1:05:27]} 16. Qf2 {[%clk 1:07:44]} Nfd7 {[%clk 1:03:23]} 17. Kh1
{[%clk 1:00:23]} Re8 {[%clk 0:58:50]} 18. Qc2 {[%clk 0:55:46]} Ne5
{[%clk 0:55:07]} 19. Rbd1 {[%clk 0:50:32]} Qc7 {[%clk 0:48:49]} 20. h3
{[%clk 0:47:33]} Ned7 {[%clk 0:45:47]} 21. f4 {[%clk 0:31:46]} Nf6
{[%clk 0:41:13]} 22. Nxe6 {[%clk 0:25:04]} Nxe6 {[%clk 0:39:35]} 23. f5
{[%clk 0:07:50]} Nc5 {[%clk 0:38:49]} 24. Bxc5 {[%clk 0:05:45]} dxc5
{[%clk 0:39:07]} 25. fxg6 {[%clk 0:05:41]} fxg6 {[%clk 0:32:38]} 26. e5
{[%clk 0:06:05]} Rxe5 {[%clk 0:33:01]} 27. Qxg6 {[%clk 0:06:26]} Rae8
{[%clk 0:32:58]} 28. Qg3 {[%clk 0:06:23]} Qe7 {[%clk 0:30:35]} 29. Rxe5
{[%clk 0:06:46]} Qxe5 {[%clk 0:31:00]} 30. Qxe5 {[%clk 0:07:12]} Rxe5
{[%clk 0:31:24]} 31. Be2 {[%clk 0:03:52]} h4 {[%clk 0:30:58]} 32. Rd3
{[%clk 0:01:12]} Ne4 {[%clk 0:26:17]} 33. Nxe4 {[%clk 0:01:41]} Rxe4
{[%clk 0:26:41]} 34. Rd8+ {[%clk 0:01:58]} Kf7 {[%clk 0:25:56]} 35. Bh5+
{[%clk 0:02:12]} Kf6 {[%clk 0:25:59]} 36. Kg1 {[%clk 0:01:49]} Kg5
{[%clk 0:20:49]} 37. Bf3 {[%clk 0:00:39]} Re7 {[%clk 0:20:13]} 38. Kf1
{[%clk 0:00:37]} Kf4 {[%clk 0:17:37]} 39. Be2 {[%clk 0:00:42]} Bd4
{[%clk 0:13:58]} 40. Ke1 {[%clk 0:30:42]} Ke3 {[%clk 0:41:26]} 41. Rf8
{[%clk 0:28:34]} Bc3+ {[%clk 0:40:09]} 42. Kd1 {[%clk 0:28:49]} Rd7+
{[%clk 0:39:18]} 43. Kc2 {[%clk 0:29:12]} Be5 {[%clk 0:32:02]} 44. Bd3
{[%clk 0:27:43]} Rg7 {[%clk 0:29:29]} 45. Rf3+ {[%clk 0:23:13]} Kd4
{[%clk 0:29:54]} 46. Rf2 {[%clk 0:14:53]} Rg3 {[%clk 0:28:46]} 47. Bf5
{[%clk 0:13:25]} Rc3+ {[%clk 0:24:07]} 48. Kb2 {[%clk 0:13:44]} Rxc4
{[%clk 0:18:56]} 49. bxc4 {[%clk 0:13:22]} Ke3+ {[%clk 0:19:23]} 50. Kb3
{[%clk 0:13:11]} Kxf2 {[%clk 0:19:46]} 51. Be4 {[%clk 0:11:28]} Ke3
{[%clk 0:19:51]} 52. Bf5 {[%clk 0:11:10]} b5 {[%clk 0:16:02]} 53. a4
{[%clk 0:10:54]} Kd4 {[%clk 0:16:10]} 54. Be6 {[%clk 0:09:40]} bxc4+
{[%clk 0:15:38]} 55. Bxc4 {[%clk 0:10:09]} Ke3 {[%clk 0:16:02]} 56. Be6
{[%clk 0:10:32]} Kf2 {[%clk 0:16:23]} 57. Kc4 {[%clk 0:10:56]} Bd4
{[%clk 0:16:44]} 58. Bd7 {[%clk 0:11:16]} Kxg2 {[%clk 0:17:07]} 59. Be6
{[%clk 0:11:45]} 1/2-1/2

[Event "V. Dvorkovich Cup 2015 juniors"]
[Site "Moscow"]
[Date "2015.06.30"]
[Round "7.15"]
[White "Elistratov RUS, Semen"]
[Black "Yogit IND, S"]
[Result "0-1"]
[LiveChessVersion "1.4.4"]
[BlackElo "1951"]
[WhiteElo "2311"]

1. e4 {[%clk 1:30:58]} c5 {[%clk 1:30:52]} 2. Nf3 {[%clk 1:31:23]} d6
{[%clk 1:31:16]} 3. d4 {[%clk 1:31:51]} cxd4 {[%clk 1:31:39]} 4. Nxd4
{[%clk 1:32:18]} Nf6 {[%clk 1:32:01]} 5. Nc3 {[%clk 1:32:44]} g6 {[%clk 1:32:26]}
6. Be3 {[%clk 1:33:06]} Bg7 {[%clk 1:32:51]} 7. f3 {[%clk 1:33:30]} O-O
{[%clk 1:33:14]} 8. Qd2 {[%clk 1:33:58]} Nc6 {[%clk 1:33:38]} 9. Bc4
{[%clk 1:34:21]} Bd7 {[%clk 1:33:55]} 10. O-O-O {[%clk 1:34:24]} Rc8
{[%clk 1:34:17]} 11. Kb1 {[%clk 1:34:15]} Nxd4 {[%clk 1:34:31]} 12. Qxd4
{[%clk 1:30:13]} Ng4 {[%clk 1:34:15]} 13. Qxa7 {[%clk 1:28:59]} Nxe3
{[%clk 1:34:07]} 14. Qxe3 {[%clk 1:29:02]} Rxc4 {[%clk 1:34:31]} 15. Ne2
{[%clk 1:29:16]} Be6 {[%clk 1:31:48]} 16. c3 {[%clk 1:28:26]} Qa5
{[%clk 1:31:25]} 17. a3 {[%clk 1:28:49]} Ra8 {[%clk 1:30:40]} 18. Nd4
{[%clk 1:27:09]} Qb6 {[%clk 1:28:05]} 19. Nc2 {[%clk 1:20:00]} Qb3
{[%clk 1:27:41]} 20. Rd3 {[%clk 1:18:32]} Rc5 {[%clk 1:25:54]} 21. Nb4
{[%clk 1:14:10]} 0-1